000 00791nam a22001937a 4500
005 20251108164241.0
008 250721s1991 xx 000 0 ara d
082 1 4 _a338.91724/مست
100 1 _aجرار، عادل أحمد
_etran.
245 1 0 _aمستقبل المدينية و النمو الإقتصادي في ظلال محدودية الموارد و النظم الطبيعية :
_bمشكلات الإسكان و النقل و التلوث : مجموعة أبحاث /
264 1 _aعمان :
_bمركز الكتب الأردني،
_c1991.
300 _a330ص.
650 1 7 _aالبلدان النامية
650 1 7 _aالإقتصاد
650 1 7 _aالتخطيط الإقتصادي
710 2 _aمعهد وورلدووتش
_eإعداد
942 _2ddc
_cBK
999 _c7481
_d7481